| 000 | 00936cab a22002295a 4500 | ||
|---|---|---|---|
| 001 | L152827 | ||
| 008 | 110504e20110428xxk 000 0 eng d | ||
| 035 | _a(Sirsi) u152827 | ||
| 041 | 0 | _aeng | |
| 100 | 1 | _aStothart, Chloe | |
| 245 | 0 | 0 |
_aSpecial report insurance _bhonesty is the only policy |
| 260 | _c2011 | ||
| 490 |
_aConstruction News _v(7215) 28 April 2011, 29-33(5) |
||
| 520 | _aDiscusses the findings of the recent report "Corporate risk and insurance: the case for placement reform" and hidden risks, legal analysis of a rights of light case study, good practice regarding subcontractors, risk mitigation, a glossary of insurance terminology, raised awareness of timber frame risks, and cutting insurance costs. | ||
| 590 | _aKA | ||
| 651 | 4 |
_aUnited Kingdom _y |
|
| 690 | _aBUILT ENVIRONMENT-CONSTRUCTION MANAGEMENT | ||
| 700 | 1 | _aMackie, Dave | |
| 700 | 1 | _aOsborne, John | |
| 700 | 1 | _aBoley, James | |
| 942 | _n0 | ||
| 999 |
_c83108 _d83108 |
||